000 00254nam a2200097Ia 4500
008 210107s9999 xx 000 0 und d
100 _aTim Pyron et al.
245 0 _aSams Tech Yourself Microsoft project 98
260 _aNew Delhi
_bTechmedia
942 _cBK
999 _c11631
_d11631